000 00675nam a22001937a 4500
999 _c371872
_d371872
008 201127b ||||| |||| 00| 0 eng d
040 _aDE-2950
_bger
_cDE-2950
_erda
041 _ager
245 _aRed Cocks Frankfurt (Oder) trauern um Stephan Bandke. /
_cthg.
264 _c2022
653 _aFrankfurt (Oder)
653 _aSportverein Red Cocks
653 _aBandke, Stephan; Vereinspräsident 1978[?] - 18.09.2022
773 _dFrankfurt (Oder) Märkisches Verlags- und Druckhaus GmbH & Co KG
_tMärkische Oderzeitung
_g33. Jahrgang (2022) Nr. 221 vom 21.09.2022, S. 13: Abb.
942 _cA